Desarrollo e higiene del niño desde el comienzo de la segunda infancia / (Record no. 125362)

MARC details
000 -LEADER
campo de control de longitud fija 00709nam a2200217 i 4500
001 - NÚMERO DE CONTROL
campo de control 125362
003 - IDENTIFICADOR DE NÚMERO DE CONTROL
campo de control ES-MaACL
005 - FECHA Y HORA DE LA ÚLTIMA TRANSACCIÓN
campo de control 20230906192619.0
007 - CAMPO FIJO DE DESCRIPCIÓN FÍSICA--INFORMACIÓN GENERAL
campo de control de longitud fija t|
008 - DATOS DE LONGITUD FIJA--INFORMACIÓN GENERAL
campo de control de longitud fija 070606q19151925sp ||||1| spa d
080 ## - NÚMERO DE LA CLASIFICACIÓN DECIMAL UNIVERSAL
Número de la Clasificación Decimal Universal 613.95
100 1# - ENTRADA PRINCIPAL--NOMBRE DE PERSONA
Nombre de persona Terreros, Carlos S. de los.
9 (RLIN) 109786
245 10 - MENCIÓN DEL TÍTULO
Título Desarrollo e higiene del niño desde el comienzo de la segunda infancia /
Mención de responsabilidad, etc. por el Dr. Carlos S. de los Terreros.
260 ## - PUBLICACIÓN, DISTRIBUCIÓN, ETC.
Lugar de publicación, distribución, etc. Madrid :
Nombre del editor, distribuidor, etc. Renacimiento,
Fecha de publicación, distribución, etc. [entre 1915 y 1925]
300 ## - DESCRIPCIÓN FÍSICA
Extensión 252 p. ;
Dimensiones 18 cm.
490 1# - MENCIÓN DE SERIE
Mención de serie La salud de nuestros hijos ;
Designación de volumen o secuencia V
650 ## - PUNTO DE ACCESO ADICIONAL DE MATERIA--TÉRMINO DE MATERIA
Término de materia o nombre geográfico como elemento de entrada Niños-
Subdivisión general Salud e higiene.
9 (RLIN) 15557
830 0# - PUNTO DE ACCESO ADICIONAL DE SERIE-TÍTULO UNIFORME
Título uniforme La salud de nuestros hijos ;
Designación de volumen o secuencia V
9 (RLIN) 186632
852 ## - LOCALIZACIÓN
Ubicación ES-MaACL
Número de control de estantería F-690
Holdings
Estatus retirado Estado de pérdida Estado de daño No para préstamo Biblioteca de origen Biblioteca actual Ubicación en estantería Fecha de adquisición Fuente de adquisición Total de préstamos Signatura topográfica completa Código de barras Visto por última vez Precio de reemplazo Tipo de ítem Koha
        Biblioteca del Ateneo de Madrid Biblioteca del Ateneo de Madrid Depósito 2 17/01/2008     F-690 1130599 23/02/2023 23/02/2023 Libro impreso